000 00765nam a2200229Ia 4500
003 OSt
005 20220925222031.0
006 a|||||r|||| 00| 0
007 ta
008 220923b |||||||| |||| 00| 0 eng d
037 _cGeneral Book
040 _aRTL
_cRTL
_beng
041 _2eng
_aeng
082 _aX:89M4y7, G9/TD
100 _aROETHLISBERGER F.J
245 0 _aManagement and the workre
_b An account of a reseach program conducted by the western electric company, hawthorne works, Chicago
260 _aLondon
_bOxford University Press
_c1967
300 _a615p
_ccm.
700 _a DICKSON William J.
_9128456
942 _hX:89M4y7, G9/TD
_cGB
_2CC
999 _c575909
_d575909